LIBRARY & INFORMATION CENTRE, KCAET, TAVANUR

ONLINE PUBLIC ACCESS CATALOGUE (OPAC)

Elements of worshop technology / (Record no. 2107)

MARC details
000 -LEADER
fixed length control field 00464cam a2200181ua 4500
003 - CONTROL NUMBER IDENTIFIER
control field OSt
008 - FIXED-LENGTH DATA ELEMENTS--GENERAL INFORMATION
fixed length control field 250320b |||||||| |||| 00| 0 eng d
041 ## - LANGUAGE CODE
Language code of text/sound track or separate title eng
082 ## - DEWEY DECIMAL CLASSIFICATION NUMBER
Classification number 621.9
Item number HAJ/EL
100 ## - MAIN ENTRY--AUTHOR NAME
Personal name Hajra Choundhury, A K .
245 ## - TITLE STATEMENT
Title Elements of worshop technology /
250 ## - EDITION STATEMENT
Edition statement 1 /
260 ## - PUBLICATION, DISTRIBUTION, ETC. (IMPRINT)
Place of publication :
Name of publisher Media promoters &Pub.Ltd ,
Year of publication 1985.
300 ## - PHYSICAL DESCRIPTION
Number of Pages 645 ; .
700 1# - ADDED ENTRY--PERSONAL NAME
Personal name Bhattacary, S.C .
700 1# - ADDED ENTRY--PERSONAL NAME
Personal name Bose, S K .
942 ## - ADDED ENTRY ELEMENTS (KOHA)
Koha item type Books
Holdings
Withdrawn status Lost status Damaged status Home library Current library Date acquired Full call number Accession Number Koha item type
      KAUAET KAUAET 19/08/1986 621.9 HAJ/EL 15386 Books
      KAUAET KAUAET 17/03/1986 621.9 HAJ/EL 15041 Books
      KAUAET KAUAET 02/10/1986 621.9 HAJ/EL 14779 Books
      KAUAET KAUAET 17/03/1986 621.9 HAJ/EL 15055 Books
      KAUAET KAUAET 02/10/1986 621.9 HAJ/EL 14778 Books
      KAUAET KAUAET 17/03/1986 621.9 HAJ/EL 15052 Books
      KAUAET KAUAET 17/03/1986 621.9 HAJ/EL 15056 Books
      KAUAET KAUAET 02/10/1986 621.9 HAJ/EL 14772 Books
      KAUAET KAUAET 22/03/2025 621.9 HAJ/EL 15050 Books
free website counter